000
00266nam a2200109Ia 4500
008
200302s9999 xx 000 0 und d
100
_a
Nrc
245
_a
National Building Code Of Canada 1977 2nd Pr.,
260
_b
Printed in Canada
260
_c
1977
300
_a
374 P.,
999
_c
551
_d
551